[Event "Madrid-ch Seniors 50"]
[Site "Madrid"]
[Date "2018.01.09"]
[Round "2"]
[White "De los Rios Camacho, Juan Antoni"]
[Black "Martin Rodriguez, Jose Luis"]
[Result "1-0"]
[WhiteElo "1624"]
[BlackElo "1302"]
[PlyCount "127"]
[EventDate "2018.01.08"]
[EventType "swiss"]
[EventRounds "9"]
[EventCountry "ESP"]
[SourceTitle "CBM 182 Extra"]
[Source "ChessBase"]
[SourceDate "2018.02.23"]
[SourceVersion "1"]
[SourceVersionDate "2018.02.23"]
[SourceQuality "1"]

1. e4 e6 2. d4 d5 3. exd5 exd5 4. Bd3 Nf6 5. Bg5 Be7 6. Ne2 0-0 7. 0-0 Re8 8. Nd2 c6 9. c3 Nbd7 10. Qc2 Nf8 11. Rae1 h6 12. Bh4 Ng4 13. Bxe7 Rxe7 14. Nf3 Bd7 15. Ng3 Rxe1 16. Rxe1 Qc7 17. h3 Nf6 18. Ne5 Re8 19. Re3 c5 20. Nxd7 Rxe3 21. Nxf6+ gxf6 22. fxe3 Qxg3 23. Qf2 Qxf2+ 24. Kxf2 Ne6 25. Bb5 c4 26. b3 a6 27. Bd7 b6 28. Bc6 Nc7 29. e4 dxe4 30. Bxe4 cxb3 31. axb3 Nb5 32. Bd3 Nxc3 33. Bxa6 Ne4+ 34. Ke3 Nd6 35. Kf4 Kg7 36. Bc4 Kg6 37. Bd5 Kg7 38. Kg4 Kg6 39. Bc4 Kg7 40. Bd3 Kg8 41. Kh5 Kg7 42. g4 Ne8 43. Be4 Nd6 44. Bc6 Kh7 45. Bf3 Kg7 46. Be2 Kh7 47. Bd3+ Kg7 48. h4 Ne8 49. g5 fxg5 50. hxg5 hxg5 51. Kxg5 Nd6 52. Kf4 Kf6 53. Bc4 Ne8 54. Ke4 Nc7 55. b4 Ne8 56. Kd5 Ke7 57. Kc6 f5 58. Kxb6 Nd6 59. Bd3 f4 60. Kc6 Ke6 61. b5 Nxb5 62. Bxb5 f3 63. d5+ Ke7 64. Kc7 1-0

[Event "Madrid Gredos San Diego op"]
[Site "Madrid"]
[Date "2013.04.27"]
[Round "4"]
[White "De los Rios Camacho, Juan Antoni"]
[Black "Sanchez Astillero, Manuel"]
[Result "1-0"]
[WhiteElo "1749"]
[BlackElo "1633"]
[PlyCount "89"]
[EventDate "2013.04.25"]
[EventType "swiss"]
[EventRounds "5"]
[EventCountry "ESP"]
[SourceTitle "EXT 2015"]
[Source "ChessBase"]
[SourceDate "2014.11.20"]
[SourceVersion "1"]
[SourceVersionDate "2014.11.20"]
[SourceQuality "1"]

1. e4 d6 2. d4 Nf6 3. Nc3 c6 4. Bd3 Bg4 5. Nge2 Nbd7 6. f3 Bh5 7. Nf4 h6 8. Nxh5 Nxh5 9. f4 Nhf6 10. f5 Qa5 11. Bd2 Qb6 12. Be3 Qc7 13. 0-0 0-0-0 14. a4 g5 15. fxg6 fxg6 16. a5 h5 17. h3 Bh6 18. Bxh6 Rxh6 19. Qd2 Rhh8 20. b4 Rdg8 21. Qg5 Kb8 22. Ne2 Nf8 23. b5 N8h7 24. b6 Nxg5 25. bxc7+ Kxc7 26. h4 Ngxe4 27. c4 g5 28. hxg5 Nxg5 29. Nf4 Nge4 30. Rae1 d5 31. cxd5 cxd5 32. Nxd5+ Nxd5 33. Bxe4 Kd6 34. Bxd5 Kxd5 35. Rxe7 Rb8 36. Rd7+ Ke4 37. Re1+ Kd3 38. d5 h4 39. Rde7 Kc4 40. d6 h3 41. d7 Kb5 42. Re8 Rhxe8 43. Rxe8 Rxe8 44. dxe8Q+ Kxa5 45. g4 1-0

[Event "Madrid-ch Previa-B"]
[Site "Madrid"]
[Date "2009.11.28"]
[Round "9"]
[White "Leniz Martinez, Francisco"]
[Black "De los Rios Camacho, Juan Antoni"]
[Result "1-0"]
[WhiteElo "1870"]
[BlackElo "1782"]
[PlyCount "67"]
[EventDate "2009.11.05"]
[EventType "swiss"]
[EventRounds "9"]
[EventCountry "ESP"]
[SourceTitle "CBM 133 Extra"]
[Source "ChessBase"]
[SourceDate "2010.01.05"]
[SourceVersion "1"]
[SourceVersionDate "2010.01.05"]
[SourceQuality "1"]

1. Nf3 Nf6 2. c4 c5 3. Nc3 e6 4. g3 b6 5. Bg2 Bb7 6. 0-0 d5 7. cxd5 exd5 8. d4 Be7 9. Bg5 0-0 10. Rc1 Nbd7 11. e3 a6 12. a4 h6 13. Bxf6 Nxf6 14. Re1 Re8 15. Qc2 Bd6 16. Nh4 cxd4 17. exd4 Rc8 18. Qd3 Bb4 19. Rxe8+ Qxe8 20. Qd1 Ne4 21. Ne2 Rxc1 22. Nxc1 Bc6 23. Nd3 Bxa4 24. b3 Nc3 25. Qa1 Ne2+ 26. Kh1 Bxb3 27. Nxb4 Bc4 28. Nxd5 Nxd4 29. Ne3 Nb3 30. Qc3 Be6 31. Nhf5 Bxf5 32. Nxf5 f6 33. Bd5+ Kh8 34. Bxb3 1-0

[Event "Madrid-ch Previa-B"]
[Site "Madrid"]
[Date "2009.11.14"]
[Round "5"]
[White "De los Rios Camacho, Juan Antoni"]
[Black "Merino Araguas, Jose Javier"]
[Result "0-1"]
[WhiteElo "1782"]
[BlackElo "1866"]
[PlyCount "98"]
[EventDate "2009.11.05"]
[EventType "swiss"]
[EventRounds "9"]
[EventCountry "ESP"]
[SourceTitle "CBM 133 Extra"]
[Source "ChessBase"]
[SourceDate "2010.01.05"]
[SourceVersion "1"]
[SourceVersionDate "2010.01.05"]
[SourceQuality "1"]

1. e4 e6 2. d4 d5 3. Nc3 Nf6 4. Bd3 dxe4 5. Nxe4 Be7 6. Bg5 Nbd7 7. Nf3 h6 8. Nxf6+ Nxf6 9. Bh4 a6 10. 0-0 0-0 11. Qd2 b6 12. Rfe1 Bb7 13. Ne5 Qd5 14. f3 Qxd4+ 15. Bf2 Qd8 16. Rad1 Bd6 17. Qe3 Qe7 18. Nc4 Bc5 19. Qe2 Rad8 20. Ne5 a5 21. Rd2 Bxf2+ 22. Kxf2 Nd7 23. Kf1 Nxe5 24. Qxe5 Kh8 25. Red1 Rd6 26. a4 Rfd8 27. Qf4 Rd4 28. Qe3 R4d6 29. Bb5 Rxd2 30. Rxd2 Rxd2 31. Qxd2 Kg8 32. Ke2 Bd5 33. c4 Bb7 34. Ke3 Qd6 35. Qc3 f6 36. c5 Qxc5+ 37. Qxc5 bxc5 38. Kd3 Bd5 39. f4 Kf7 40. f5 e5 41. Bc4 c6 42. g3 Ke7 43. b3 Kd6 44. Kc3 e4 45. Kd2 Ke5 46. g4 Kd4 47. h4 Bxc4 48. bxc4 Kxc4 49. Ke3 Kd5 0-1

[Event "Madrid-ch Previa-B"]
[Site "Madrid"]
[Date "2009.11.13"]
[Round "4"]
[White "De los Rios Camacho, Juan Antoni"]
[Black "Beltran de Heredia Eguiaz, Miguel Angel"]
[Result "1/2-1/2"]
[WhiteElo "1782"]
[BlackElo "2054"]
[PlyCount "103"]
[EventDate "2009.11.05"]
[EventType "swiss"]
[EventRounds "9"]
[EventCountry "ESP"]
[SourceTitle "CBM 133 Extra"]
[Source "ChessBase"]
[SourceDate "2010.01.05"]
[SourceVersion "1"]
[SourceVersionDate "2010.01.05"]
[SourceQuality "1"]

1. e4 c5 2. Nf3 e6 3. d4 cxd4 4. Nxd4 a6 5. Nc3 b5 6. a4 b4 7. Na2 Bb7 8. Bd2 Qb6 9. Be3 Bc5 10. a5 Qa7 11. c3 bxc3 12. Nxc3 Nf6 13. Rc1 0-0 14. b4 Bxb4 15. Nb3 Qxe3+ 16. fxe3 Nxe4 17. Qd4 Bxc3+ 18. Rxc3 Nxc3 19. Qxc3 Rc8 20. Qd2 Bd5 21. Nd4 Rc5 22. Bd3 e5 23. Nc2 Nc6 24. 0-0 Rb8 25. e4 Be6 26. Ne3 g6 27. Rb1 Rd8 28. Nd5 Bxd5 29. exd5 Rxd5 30. Rf1 Rf8 31. Qc3 Rxa5 32. Bc4 Kg7 33. Qf3 f5 34. g4 Rc5 35. Qd3 d5 36. Bxa6 e4 37. Qa3 Ra5 38. Qc3+ Kh6 39. Qxc6 f4 40. h4 e3 41. Qd6 Rf7 42. Qe5 Rxa6 43. Qg5+ Kg7 44. Qe5+ Kh6 45. Qg5+ Kg7 46. Rxf4 Ra1+ 47. Kg2 Ra2+ 48. Kf3 Rf2+ 49. Kxe3 R2xf4 50. Qe5+ Kg8 51. Qxf4 Rxf4 52. Kxf4 1/2-1/2

[Event "Madrid-ch Previa-B"]
[Site "Madrid"]
[Date "2008.11.08"]
[Round "3"]
[White "Rojas Pozo, Jose Luis"]
[Black "De los Rios Camacho, Juan Antoni"]
[Result "1-0"]
[WhiteElo "1897"]
[BlackElo "1792"]
[PlyCount "97"]
[EventDate "2008.11.06"]
[EventType "swiss"]
[EventRounds "9"]
[EventCountry "ESP"]
[SourceTitle "CBM 127 Extra"]
[Source "ChessBase"]
[SourceDate "2009.01.08"]
[SourceVersion "2"]
[SourceVersionDate "2009.01.28"]
[SourceQuality "1"]

1. e4 c5 2. Nf3 d6 3. d4 cxd4 4. Nxd4 Nf6 5. Nc3 a6 6. Bc4 e6 7. Bb3 Be7 8. f4 Nc6 9. Be3 Na5 10. Qf3 Nxb3 11. axb3 e5 12. fxe5 dxe5 13. Nf5 Bxf5 14. Qxf5 0-0 15. Bg5 Qb6 16. 0-0-0 Rad8 17. Kb1 Qe6 18. Qf3 h6 19. Bxf6 Rxd1+ 20. Rxd1 Bxf6 21. Rd5 Bg5 22. h3 f5 23. Qd3 fxe4 24. Nxe4 Be7 25. Rd7 Rf7 26. Rxb7 Qc6 27. Rb8+ Rf8 28. Rxf8+ Kxf8 29. Qf1+ Ke8 30. Qf5 Qd5 31. Nc3 Qd4 32. Qc8+ Kf7 33. Qc4+ Kf8 34. Qxd4 exd4 35. Nd5 Bd6 36. Kc1 Kf7 37. Kd1 Ke6 38. Nb6 Bc5 39. Nc4 Kf5 40. Ke2 Kf4 41. Nd2 g5 42. Nf1 h5 43. g3+ Ke4 44. Nd2+ Kf5 45. Kf3 g4+ 46. hxg4+ hxg4+ 47. Ke2 Bb6 48. Kd3 Ke5 49. Nc4+ 1-0